Géneros venezolanos de las Mimosoideae (<Leguminosae>) (Registro nro. 9251)

Detalles MARC
000 -CABECERA
Campo de control 005870000a22001930004500
090 ## - CLASIFICACIÓN LOCAL
Colección AR
Consecutivo 00150
041 0# - IDIOMA
Código de idioma para texto/pista de sonido o título separado
100 1# - ASIENTO PRINCIPAL--NOMBRE PERSONAL
Nombre personal Cárdenas de Guevara, Lourdes
245 10 - MENCION DE TITULO
Título Géneros venezolanos de las Mimosoideae (<Leguminosae>)
650 14 - ASIENTO SECUNDARIO DE MATERIA - TERMINO TEMATICO
Término temático o nombre geográfico como elemento de entrada Leguminosas
650 14 - ASIENTO SECUNDARIO DE MATERIA - TERMINO TEMATICO
Término temático o nombre geográfico como elemento de entrada Vegetación
650 14 - ASIENTO SECUNDARIO DE MATERIA - TERMINO TEMATICO
Término temático o nombre geográfico como elemento de entrada Botánica
650 14 - ASIENTO SECUNDARIO DE MATERIA - TERMINO TEMATICO
Término temático o nombre geográfico como elemento de entrada Sistemática vegetal
650 14 - ASIENTO SECUNDARIO DE MATERIA - TERMINO TEMATICO
Término temático o nombre geográfico como elemento de entrada Taxonomía vegetal
651 #4 - ASIENTO SECUNDARIO DE MATERIA - NOMBRE GEOGRAFICO
-- Venezuela
653 ## - TERMINO DE INDIZACION - NO CONTROLADO
-- Mimosoideae
773 1# - Item fuente:
Título Revista de la Facultad Nacional de Agronomía
Especificación de materiales 68
Descripción física 3
Paginas del Articulo 109-194
Lugar, editorial y fecha de publicación 1974
Información sobre la relación 7
942 ## - ELEMENTOS ADICIONALES (KOHA)
Tipo de ítem Artículo
Existencias
Withdrawn status Lost status Sistema de Clasificación Damaged status No para préstamo Colección Ubicación Permanente Ubicación actual Fecha de adquisición Fuente de Valor Datos de publicación Seriada Total Checkouts Número topográfico Inventario / Código de Barras Date last seen Ejemplar Price effective from Tipo de material
    Dewey Decimal Classification   No para Préstamo Hemeroteca Bogotá Bogotá 27/02/2015 Franco, Ana María Fuera de circulación   AR 00150 010386 25/03/2015 1 25/03/2015 Artículo